| 000 | 01363nam a2200337 i 4500 | ||
|---|---|---|---|
| 001 | 000014396 | ||
| 003 | DO-SdBNP | ||
| 005 | 20240530073933.0 | ||
| 006 | a||||gr|||| 00| 0 | ||
| 007 | ta | ||
| 008 | 091211e1986 dr 000 e spa d | ||
| 040 |
_aDO-SdBNP _bspa _cBNPHU _erda |
||
| 082 | 4 |
_aRD864.44 _bR466c _222 |
|
| 100 | 1 |
_aReynoso de Abud, Ana Silvia _925318 _eautora |
|
| 245 | 1 | 0 |
_aCriterios : _bartículos y análisis. / _cAna Silvia Reynoso de Abud; prólogo, Miguel Ángel Prestol. |
| 260 |
_aSanto Domingo : _bEditora Universitaria - UASD, _c1986. |
||
| 264 | 1 |
_aSanto Domingo : _bUniversitaria - UASD, _c1986. |
|
| 300 |
_a292 páginas ; _c21 cm. |
||
| 336 |
_2rdacontent _atexto _btxt |
||
| 337 |
_2rdamedia _asin mediación _bn |
||
| 338 |
_2rdacarrier _avolumen _bnc |
||
| 500 | _aIncluye datos biográficos del autor en la contracubierta. | ||
| 500 | _aEstos artículos y Análisis fueron Publicados en el Periódico "La Noticia" en el período entre el 11 de mayo de 1971 al 10 de marzo de 1984. | ||
| 590 | _aInventariado 2023 / MF | ||
| 650 | 0 |
_aEnsayos dominicanos _965 |
|
| 650 | 0 |
_aLiteratura dominicana. _967 |
|
| 700 | 1 |
_aPrestol, Miguel Angel, _eprólogo _96419 |
|
| 710 | 1 |
_aUniversidad Autónoma de Santo Domingo _972951 |
|
| 830 |
_aPublicaciones de la Universidad Autónoma de Santo Domingo; _n537 _984702 |
||
| 942 |
_2ddc _cLBS1 |
||
| 999 |
_c13987 _d13987 |
||